| 000 | 00698nam a2200193 i 4500 | ||
|---|---|---|---|
| 001 | 36213 | ||
| 003 | ES-MaACL | ||
| 005 | 20230911063134.0 | ||
| 007 | t| | ||
| 008 | 030217s1965 sp ||||1| spa d | ||
| 100 | 1 |
_aBretón de los Herreros, Manuel, _d1796-1873 _931637 |
|
| 245 | 1 | 0 |
_aObra dispersa _b: el correo literario mercantil / _cManuel Bretón de los Herreros ; edición y estudio de J. M. Díez Taboada, J. M. Rozas. |
| 260 |
_aLogroño : _bInstituto de Estudios Riojanos, _c1965. |
||
| 300 |
_a510 p. ; _c24 cm. |
||
| 700 | 1 |
_aDíez Taboada, Juan María. _944772 |
|
| 700 | 1 |
_aRozas, Juan Manuel. _9100249 |
|
| 852 |
_aES-MaACL _jC-28710 _bR.58181 |
||
| 999 |
_c36213 _d36213 |
||